Management and investment on estates in Roman Egypt during the early empire /

محفوظ في:

المؤلف الرئيسي: Kehoe, Dennis P. (مؤلف)

التنسيق: كتاب

اللغة: English

منشور في: Bonn : R. Habelt, 1992.

سلاسل: Papyrologische Texte und Abhandlungen ; 40.

الموضوعات:

الوسوم: إضافة وسم

لا توجد وسوم, كن أول من يضع وسما على هذه التسجيلة!

رقم الطلب: HD130 .K43

LEADER 01228nam a22003377a 4500
003 OSt
005 20250824112544.0
008 250303s1992 gw g b 001 0 eng d
010 |a 92152010 
020 |a 3774925321 
040 |c ARCE Library 
043 |a f-ua---  |a e------  |a aw----- 
050 1 4 |a HD130   |b .K43 
100 1 |a Kehoe, Dennis P.,  |e author  |9 33697 
245 1 0 |a Management and investment on estates in Roman Egypt during the early empire /   |c Dennis P. Kehoe. 
264 1 |a Bonn :   |b R. Habelt,   |c 1992. 
300 |a xiv, 188 pages ;   |c 28 cm. 
490 1 |a Papyrologische Texte und Abhandlungen ;   |v 40. 
500 |a OCLC 25351826 
504 |a Includes bibliographical references and indexes. 
650 0 |a Agriculture  |x Economic aspects  |z Egypt  |x History. 
650 0 |a Agriculture  |x Economic aspects  |z Rome  |x History. 
650 0 |a Agriculture  |z Rome  |x Finance  |x History. 
650 0 |a Farm management  |x Economic aspects  |z Egypt  |x History. 
650 0 |a Farm management  |x Economic aspects  |z Rome  |x History. 
650 0 |a Farm tenancy  |z Rome  |x History. 
651 0 |a Egypt   |x History   |y 30 B.C.-640 A.D. 
830 0 |a Papyrologische Texte und Abhandlungen ;   |v 40. 
901 |a reviewed 
942 |c BK  |2 lcc 
999 |c 22034  |d 22034